004060000a22001210004500090001700000245005300017041001400070700002600084100003900110942001300149773010500162999001700267 aASbSeriadas10aNovedades en Vernonieae (Asteraceae) de Colombia0 aEspañol1 aObando, Sandra9997831 aDíaz Piedrahita, Santiago995842 cARTICULO1 tRevista de la Academia Colombiana de Ciencias Exactas, Físicas y Naturalesh100q347-351d2002g26 c15509d15509